000 00303nam a22001337a 4500
008 170414b xxu||||| |||| 00| 0 eng d
020 _a9780683010596
041 _aeng
080 _23 ED
_a618
100 _a10
101 _aSHM
245 _aDRUGS PREGNANCY LACTATION
_cBRIGGS.G.G
942 _2udc
_cBK
999 _c10812
_d10812